000 00280nam a2200133Ia 4500
100 _aParkinson.A.C
942 _cBK
654 _ainspection
245 _aEngineering Inspection.
260 _bSir Issac Pitman
_c2001
082 _a620.0044
300 _a171
546 _aENGLISH
999 _c24004
_d24004